Cell and tissue culture: laboratory procedures in biotechnology (Record no. 167321)
[ view plain ]
| 000 -LEADER | |
|---|---|
| fixed length control field | 00651nam a2200217Ia 4500 |
| 003 - CONTROL NUMBER IDENTIFIER | |
| control field | OSt |
| 005 - DATE AND TIME OF LATEST TRANSACTION | |
| control field | 20230525122659.0 |
| 008 - FIXED-LENGTH DATA ELEMENTS--GENERAL INFORMATION | |
| fixed length control field | 210423s1998 xx 000 0 und d |
| 020 ## - INTERNATIONAL STANDARD BOOK NUMBER | |
| International Standard Book Number | 0-471-98255-5 |
| 040 ## - CATALOGING SOURCE | |
| Transcribing agency | AL |
| 041 ## - LANGUAGE CODE | |
| Language code of text/sound track or separate title | eng |
| 082 ## - DEWEY DECIMAL CLASSIFICATION NUMBER | |
| Classification number | 660.6028 |
| Edition number | 23 |
| Item number | DOYC |
| 100 ## - MAIN ENTRY--PERSONAL NAME | |
| Personal name | DOYLE (Alan);GRIFFITHS (J Bryan) |
| 9 (RLIN) | 113768 |
| 245 ## - TITLE STATEMENT | |
| Title | Cell and tissue culture: laboratory procedures in biotechnology |
| 260 ## - PUBLICATION, DISTRIBUTION, ETC. | |
| Place of publication, distribution, etc. | Chichester |
| Name of publisher, distributor, etc. | John Wiley & Sons |
| Date of publication, distribution, etc. | 1998 |
| 300 ## - PHYSICAL DESCRIPTION | |
| Extent | xx,332 |
| Other physical details | PB |
| 365 ## - TRADE PRICE | |
| Price amount | 16353.11 |
| Currency code | USD |
| 650 ## - SUBJECT ADDED ENTRY--TOPICAL TERM | |
| Topical term or geographic name entry element | Biotechnology |
| 9 (RLIN) | 113769 |
| 906 ## - LOCAL DATA ELEMENT F, LDF (RLIN) | |
| a | biotechnology ; Cell ; culture: ; laboratory ; procedures ; tissue |
| 942 ## - ADDED ENTRY ELEMENTS (KOHA) | |
| Source of classification or shelving scheme | Dewey Decimal Classification |
| Koha item type | Book |
| Withdrawn status | Lost status | Damaged status | Not for loan | Collection code | Home library | Current library | Date acquired | Source of acquisition | Cost, normal purchase price | Total Checkouts | Full call number | Barcode | Date last seen | Price effective from | Koha item type |
|---|---|---|---|---|---|---|---|---|---|---|---|---|---|---|---|
| Bio Technology | St Aloysius PG Library | St Aloysius PG Library | 11/06/2015 | Intact Bookhouse | 16353.11 | 660.6028 DOYC | PG013822 | 08/24/2022 | 04/26/2021 | Reference |